Las Lenguas Romances - Estadísticas

Estadísticas generales
  • Esta prueba ha sido intentada 122 veces
  • La puntuación promedio es 14 de 33
Estadísticas de respuestas
Hablantes Totales Idioma % Correcto
596.000.000 Español
100%
321.000.000 Francés
100%
85.000.000 Italiano
100%
273.000.000 Portugués
95%
27.600.000 Rumano
95%
10.048.969 Catalán-Valenciano
94%
3.900.000 Gallego
84%
800.000 Occitano
66%
600.000 Asturleonés
56%
4.700.000 Siciliano
55%
60.000 Romanche
53%
3.000.000 Napolitano
46%
1.350.000 Sardo
45%
56.265 Aragonés
44%
125.000 Corso
36%
3.800.000 Véneto
33%
3.600.000 Lombardo
32%
500.000 Ligur
27%
150.000 Judeoespañol
26%
41.165 Ladino
24%
147.000 Franco-Provenzal
23%
1.600.000 Piamontés
22%
105.000 Normando
17%
4.400.000 Emiliano-Romañol
16%
600.000 Friulano
14%
6.000 Fala
11%
28.000 Galó
11%
700.000 Picardo
11%
600.000 Valón
10%
250.000 Arrumano
9%
1.000 Istrorrumano
5%
5.000 Borgoñón
4%
5.000 Meglenorrumano
3%
No se encontraron pruebas coincidentes
Distribución de puntuación
Porcentaje de gente con cada puntuación
Porcentaje por número respondido
Historial de tus puntuaciones
No has intentado esta prueba.